| 000 | 01275cam a2200337 i 4500 | ||
|---|---|---|---|
| 999 |
_c45074 _d45074 |
||
| 001 | 18661 | ||
| 003 | CO-MdFUSB | ||
| 005 | 20171117125419.0 | ||
| 008 | 160803t2013 sp ||||f |||| 00| 0 spa d | ||
| 020 | _a9788499456218 | ||
| 040 |
_aCO-MdFUSB _bEspañol _cCO-MdFUSB _dCO-MdFUSB _erda |
||
| 041 | _aspa | ||
| 082 |
_224 _aG 226.06 _bB782p |
||
| 100 | 1 |
_aBouyer, Vianney _eautor |
|
| 245 | 1 | 0 |
_aPersonajes anónimos del Evangelio _b: encuentros de Jesús en los evangelios sinópticos _c / Vianney Bouyer ; traducido por Pedro Barrado & María del Pilar Salas |
| 264 | 4 |
_aEstella, Navarra: _bVerbo Divino, _c©2013 |
|
| 300 | _a63 páginas | ||
| 336 |
_2rdacontent _atexto _btxt |
||
| 337 |
_2rdamedia _asin mediación _bn |
||
| 338 |
_2rdacarrier _avolumen _bnc |
||
| 490 | _aCuadernos bíblicos ; | ||
| 500 | _aTítulo original en frnacés: Les anonymes de l'Evangile. Recontres de Jésus dans les évangiles synoptiques | ||
| 501 | _arústico | ||
| 505 | 0 | 0 | _aUna viuda en el Templo -- Encuentros con gente que sufre -- Padres al encuentro de Jesús -- A lo largo de los encuentros. |
| 630 | 0 | 7 |
_aBiblia. _pNuevo Testamento |
| 630 | 0 | 7 |
_aBiblia. _pEvangelios |
| 653 | _aMarcos 12: 37-13:1 | ||
| 653 | _aLucas 21: 1-4 | ||
| 653 | _aBiblia - Mateo | ||
| 942 | _cBK | ||